000 00178nam a2200073Ia 4500
008 170817s9999 xx 000 0 und d
100 _asharma.R.K
245 0 _aShiksha Manovigyan
260 _bRadha Prakashan Agra
999 _c39254
_d39254